| 000 | 00791nam a22001937a 4500 | ||
|---|---|---|---|
| 008 | 160401b xxu||||| |||| 00| 0 eng d | ||
| 020 | _a978-1-45225817-1 (pbk.) | ||
| 082 |
_22014 _aDC 174.936323 _bL41 |
||
| 100 |
_94611 _aFitch, Brian D. _eeditor. |
||
| 245 |
_aLaw enforcement ethics : _b classic and contemporary issues/ _cBrian D. Fitch, editor. |
||
| 260 |
_aLos Angeles : _bSAGE, _cc2014. |
||
| 300 |
_axx, _b466 pages ; _c26 cm. |
||
| 500 | _aIncludes bibliographical references and index. | ||
| 650 | 0 |
_94613 _aLaw enforcement _xMoral and ethical aspects _zUnited States. |
|
| 650 | 0 |
_94614 _aPolice ethics _zUnited States. |
|
| 650 | 0 |
_94615 _aPolice misconduct _zUnited States. |
|
| 650 | 0 |
_94616 _aPolice training _xMoral and ethical aspects _zUnited States. |
|
| 942 |
_2ddc _cDC |
||
| 999 |
_c1501 _d1501 |
||